| 000 | 00455nam a2200157Ia 4500 | ||
|---|---|---|---|
| 999 |
_c13349 _d13349 |
||
| 003 | OSt | ||
| 005 | 20201005111116.0 | ||
| 008 | 190216s9999||||xx |||||||||||||| ||und|| | ||
| 040 | _coclc | ||
| 082 |
_a823.8 _bSTE/K |
||
| 100 |
_aStevenson, Robert Louis _94847 |
||
| 245 | 0 |
_aKidnapped / _cRobert Louis Stevenson |
|
| 260 |
_bE J Arnold & Son Ltd, _c1967. _aLondon: |
||
| 300 | _a156p | ||
| 942 |
_cBK _2ddc _h823.8 _iSTE/K _k823.8 _mSTE/K |
||